[Event "New Delhi Parsvnath op 6th"]
[Site "New Delhi"]
[Date "2008.01.13"]
[Round "2"]
[White "Thakur, Akash"]
[Black "Jha, Kausal Kumar"]
[Result "1-0"]
[WhiteElo "2315"]
[BlackElo "2052"]
[PlyCount "55"]
[EventDate "2008.01.13"]
[EventType "swiss"]
[EventRounds "10"]
[EventCountry "IND"]
[SourceTitle "CBM 122 Extra"]
[Source "ChessBase"]
[SourceDate "2008.03.04"]
[SourceVersion "1"]
[SourceVersionDate "2008.03.04"]
[SourceQuality "1"]

1. e4 c5 2. Nf3 d6 3. Bb5+ Bd7 4. Bxd7+ Qxd7 5. c4 Nc6 6. 0-0 Nf6 7. Nc3 e6 8. d4 cxd4 9. Nxd4 a6 10. Be3 Be7 11. f3 Rc8 12. Na4 Qc7 13. Nxc6 Qxc6 14. Nb6 Rd8 15. Rc1 Nd7 16. Nxd7 Rxd7 17. a4 Bf6 18. b4 0-0 19. Qb3 b6 20. b5 axb5 21. cxb5 Qb7 22. Rc6 Bd8 23. f4 d5 24. f5 dxe4 25. fxe6 Rd3 26. exf7+ Kh8 27. Qb4 Rxf7 28. Qf8+ 1-0